| 000 | 01602nam a22001817a 4500 | ||
|---|---|---|---|
| 003 | OSt | ||
| 005 | 20231215105746.0 | ||
| 008 | 231211s2005 ag ||||| |||| 00| f spa d | ||
| 020 | _a8420467960 | ||
| 040 | _cbesoc | ||
| 100 |
_aVargas Llosa, Mario, _d(1936-), _eautor |
||
| 245 | 1 | 3 |
_aLa fiesta del chivo / _cMario Vargas Llosa |
| 260 |
_aMadrid : _bAlfaguara, _c2005 |
||
| 300 | _a518 p. | ||
| 520 | _a¿Por qué regresa Urania Cabral a la isla que juró no volver a pisar? ¿Por qué sigue vacía y llena de miedo desde los catorce años? ¿Por qué no ha tenido un solo amor? En La Fiesta del Chivo, la magistral novela de Mario Vargas Llosa, asistimos a un doble retorno. Mientras Urania visita a su padre en Santo Domingo, volvemos a 1961, cuando la capital dominicana aún se llamaba Ciudad Trujillo. Allí un hombre que no suda tiraniza a tres millones de personas sin saber que se gesta una maquiavélica transición a la democracia. Vargas Llosa, un clásico contemporáneo, relata el fin de una era dando voz, entre otros personajes históricos, al impecable e implacable general Trujillo, apodado el Chivo, y al sosegado y hábil doctor Balaguer (sempiterno presidente de la República Dominicana). Con un ritmo y una precisión difícilmente superables, este peruano universal muestra que la política puede consistir en abrirse camino entre cadáveres, y que un ser inocente puede convertirse en un regalo truculento. Un libro para no perder las raíces. Una novela que ya es historia. [Nota del editor] | ||
| 650 | 4 |
_aLiteratura peruana _vNovela histórica _ySiglo XXI |
|
| 942 |
_2udc _cOG _n0 |
||
| 999 |
_c157 _d157 |
||